[Event "Live Chess"]
[Site "Chess.com"]
[Date "2020.05.17"]
[White "Sauvage, Eric"]
[Black "Marchal, Georges"]
[Result "0-1"]
[WhiteElo "1486"]
[BlackElo "1232"]
[Round "7"]
[WhiteCountry "bel"]
[BlackCountry "bel"]

{ Cadence : 600+5 } 1. e4 Nf6 2. f3 e5 3. d4 exd4 4. Qxd4 Nc6 5. Qd1 Bc5 6. 
Ne2 O-O 7. b3 d5 8. exd5 Nxd5 9. Bb2 Bf5 10. Nd4 Nxd4 11. Bxd4 Qh4+ 12. g3 
Qxd4 13. Qxd4 Bxd4 14. c3 Rfe8+ 15. Kd2 Be3+ 16. Kd1 Rad8 17. Bc4 Nxc3+ 18. 
Ke1 Bd4+ 19. Kf1 Nxb1 20. Rxb1 Bxb1 21. Kg2 Bxa2 22. Ra1 Bxb3 23. Bxb3 Re2+ 
24. Kh3 Bxa1 25. f4 Re3 26. Kg4 0-1

[Event "Live Chess"]
[Site "Chess.com"]
[Date "2020.05.17"]
[White "Marchal, Georges"]
[Black "Sauvage, Eric"]
[Result "0-1"]
[WhiteElo "1225"]
[BlackElo "1495"]
[Round "8"]
[WhiteCountry "bel"]
[BlackCountry "bel"]

{ Cadence : 600+5 } 1. e4 c5 2. d4 cxd4 3. c3 dxc3 4. Nxc3 e6 5. Bc4 Ne7 6. 
Bg5 Qc7 7. Bb3 a6 8. Nf3 Ng6 9. O-O Nc6 10. Qe2 Be7 11. Be3 O-O 12. Rac1 Qd8 
13. Rfd1 Na5 14. Bc2 b5 15. a3 Nc4 16. Bb3 Nxe3 17. Qxe3 Bb7 18. Nd4 Bg5 19. 
Qd3 Bxc1 20. Rxc1 Rc8 21. Rd1 Ne5 22. Qe3 Nc4 23. Bxc4 bxc4 24. Nf3 Qf6 25. 
Rxd7 Ba8 26. e5 Qg6 27. Rd4 Rfd8 28. Rg4 Qc2 29. Rd4 Qxb2 30. Rxd8+ Rxd8 31. 
g3 Qb7 32. Kg2 Rd3 33. Qe1 Qxf3+ 0-1

[Event "Live Chess"]
[Site "Chess.com"]
[Date "2020.05.17"]
[White "Pitz, Luc"]
[Black "Hubert, Rene"]
[Result "1-0"]
[WhiteElo "1215"]
[BlackElo "1188"]
[Round "7"]
[WhiteCountry "bel"]
[BlackCountry "bel"]

{ Cadence : 600+5 } 1. e4 c6 2. d4 d5 3. e5 Bf5 4. Bd3 Bxd3 5. Qxd3 e6 6. Nf3 
Ne7 7. O-O Nf5 8. Bg5 Be7 9. Bxe7 Qxe7 10. Nc3 Nd7 11. Rac1 a6 12. Ne2 Rc8 
13. c4 O-O 14. c5 b6 15. b4 b5 16. Nf4 Qd8 17. a3 a5 18. h3 axb4 19. axb4 Ra8 
20. Ra1 Qc7 21. g4 Nh6 22. Ng5 g6 23. f3 Ra4 24. h4 Rfa8 25. Rxa4 Rxa4 26. 
h5 Rxb4 27. hxg6 Nxe5 28. gxh7+ Kh8 29. Qc2 Rxd4 30. Ra1 Ra4 31. Rxa4 Nxf3+ 
32. Nxf3 bxa4 33. Qxa4 Kxh7 34. Ng5+ Kg7 35. Qa1+ e5 36. Qb1 exf4 37. Qh7+ 
1-0

[Event "Live Chess"]
[Site "Chess.com"]
[Date "2020.05.17"]
[White "Hubert, Rene"]
[Black "Pitz, Luc"]
[Result "1-0"]
[WhiteElo "1204"]
[BlackElo "1197"]
[Round "8"]
[WhiteCountry "bel"]
[BlackCountry "bel"]

{ Cadence : 600+5 } 1. e4 c5 2. c3 d5 3. exd5 Qxd5 4. d4 cxd4 5. cxd4 Nc6 6. 
Nf3 Bg4 7. Be2 O-O-O 8. Nc3 Qd7 9. Be3 Bxf3 10. Bxf3 Nxd4 11. O-O Nxf3+ 12. 
Qxf3 e6 13. Ne4 Kb8 14. Bf4+ Ka8 15. Rad1 Qc8 16. Rc1 Qd7 17. Rfd1 Qe7 18. 
Nc5 Rxd1+ 19. Rxd1 a6 20. Rd7 Qxd7 21. Nxd7 Bb4 22. a3 Ba5 23. b4 Bd8 24. Nc5 
1-0

[Event "Live Chess"]
[Site "Chess.com"]
[Date "2020.05.19"]
[White "Hubert, Rene"]
[Black "Dans, Guy"]
[Result "1-0"]
[WhiteElo "1209"]
[BlackElo "899"]
[Round "9"]
[WhiteCountry "bel"]
[BlackCountry "bel"]

{ Cadence : 600+5 } 1. e4 c5 2. c3 d5 3. exd5 Qxd5 4. d4 cxd4 5. cxd4 e6 6. 
Nf3 Nf6 7. Be2 Be7 8. O-O O-O 9. Nc3 Qd8 10. h3 Nc6 11. Be3 Nb4 12. a3 Nbd5 
13. Nxd5 Nxd5 14. Bd2 a6 15. Rc1 b5 16. b4 Bb7 17. Ne5 Bf6 18. Nc6 Bxc6 19. 
Rxc6 Bxd4 20. Bc1 Bf6 21. Bf3 Rc8 22. Rxc8 Qxc8 23. Bxd5 exd5 24. Qxd5 Rd8 
25. Qf3 h6 26. Be3 Rd3 27. Qe4 Qd8 28. Qg4 g5 29. Rc1 Bb2 30. Rc8 Rd1+ 31. 
Kh2 Be5+ 32. g3 h5 33. Qf5 Bxg3+ 34. fxg3 g4 35. Rxd8+ Rxd8 36. Qg5+ Kf8 37. 
Qxd8+ 1-0

[Event "Live Chess"]
[Site "Chess.com"]
[Date "2020.05.19"]
[White "Dans, Guy"]
[Black "Hubert, Rene"]
[Result "0-1"]
[WhiteElo "892"]
[BlackElo "1213"]
[Round "10"]
[WhiteCountry "bel"]
[BlackCountry "bel"]

{ Cadence : 600+5 } 1. e4 c6 2. d4 d5 3. Nc3 dxe4 4. Nxe4 e6 5. Bc4 Nf6 6. 
Nc5 Bxc5 7. dxc5 Qxd1+ 8. Kxd1 Nbd7 9. Nf3 Ne4 10. Ke2 Nexc5 11. Be3 b5 12. 
Bd3 Nxd3 13. cxd3 Bb7 14. Rac1 a5 15. b3 Rc8 16. Nd4 Nb8 17. Nxb5 cxb5 18. 
Rxc8+ Bxc8 19. Rc1 O-O 20. Bc5 Re8 21. a4 bxa4 22. bxa4 Bd7 23. Rc4 Rc8 24. 
Ke3 Bxa4 25. Rxa4 Rxc5 26. d4 Rd5 27. Kd3 g6 28. f4 Kg7 29. g4 Nc6 30. h4 h6 
31. Rc4 Nb4+ 32. Kc3 Rd6 33. g5 h5 34. Kb3 Nd5 35. Rc5 Nxf4 36. Rxa5 Rxd4 37. 
Kc3 Rd3+ 38. Kc4 Rh3 39. Kd4 Rxh4 40. Ke5 Nd3+ 41. Kd6 Rd4+ 42. Ke7 Rd5 43. 
Ra7 Ne5 44. Ke8 Rd7 45. Rxd7 Nxd7 46. Kxd7 h4 0-1

[Event "Live Chess"]
[Site "Chess.com"]
[Date "2020.05.19"]
[White "Morgenthal, Renaud"]
[Black "Sauvage, Eric"]
[Result "0-1"]
[WhiteElo "1163"]
[BlackElo "1508"]
[Round "9"]
[WhiteCountry "bel"]
[BlackCountry "bel"]

{ Cadence : 600+5 } 1. e4 e5 2. Nf3 Nc6 3. d4 exd4 4. Bc4 Nf6 5. O-O Bc5 6. 
e5 Ne4 7. Qd3 d5 8. exd6 Nxd6 9. Re1+ Ne7 10. Ng5 Nxc4 11. Qxc4 O-O 12. Qxc5 
Nf5 13. c3 b6 14. Qc4 c5 15. Na3 Bb7 16. Bf4 Qf6 17. Nf3 Bxf3 18. gxf3 Nh4 
19. Bg3 Nxf3+ 20. Kh1 Nxe1 21. Rxe1 Rfe8 22. Rf1 dxc3 23. bxc3 Re2 24. Qxe2 
Qxc3 25. Re1 h6 26. Nc4 b5 27. Nd6 c4 28. Qe7 Rf8 29. Be5 Qxe1+ 30. Kg2 c3 
31. Nf5 Qe4+ 32. f3 Qxf5 33. Bd6 Rc8 34. Qe4 Qxe4 35. fxe4 Rc4 36. Ba3 Rxe4 
37. Bc1 Re2+ 0-1

[Event "Live Chess"]
[Site "Chess.com"]
[Date "2020.05.19"]
[White "Sauvage, Eric"]
[Black "Morgenthal, Renaud"]
[Result "1-0"]
[WhiteElo "1514"]
[BlackElo "1159"]
[Round "10"]
[WhiteCountry "bel"]
[BlackCountry "bel"]

{ Cadence : 600+5 } 1. d4 Nf6 2. c4 c5 3. Nf3 d6 4. Nc3 g6 5. e4 Bg7 6. Bg5 
O-O 7. Be2 Bg4 8. O-O Nbd7 9. e5 dxe5 10. Nxe5 Bxe2 11. Qxe2 Nxe5 12. dxe5 
Nd7 13. Rfd1 Qc8 14. Bxe7 Re8 15. Bd6 Bxe5 16. Bxe5 Nxe5 17. Nd5 Nc6 18. Nf6+ 
Kg7 19. Nxe8+ Qxe8 20. Qxe8 Rxe8 21. Kf1 Nd4 22. Rac1 Re2 23. Rxd4 cxd4 24. 
Kxe2 1-0

[Event "Live Chess"]
[Site "Chess.com"]
[Date "2020.05.19"]
[White "Szigetvari, Andre"]
[Black "Nadin, Corinne"]
[Result "1-0"]
[WhiteElo "1286"]
[BlackElo "1257"]
[Round "9"]
[WhiteCountry "bel"]
[BlackCountry "bel"]

{ Cadence : 600+5 } 1. e4 c6 2. d4 d5 3. exd5 cxd5 4. Bd3 Nf6 5. Nf3 Nc6 6. 
c3 Bg4 7. Bf4 e6 8. Nbd2 Bd6 9. Bxd6 Qxd6 10. O-O O-O 11. h3 Bh5 12. Re1 Rfe8 
13. Qc2 e5 14. dxe5 Nxe5 15. Nd4 Bg6 16. Bxg6 Nxg6 17. N2f3 Ne4 18. Rad1 Rad8 
19. Nf5 Qb6 20. Ne3 Ne5 21. Nxe5 Rxe5 22. Rd4 Rc8 23. Qb3 Qxb3 24. axb3 Nf6 
25. Red1 Rd8 26. c4 Kf8 27. Kf1 Ke7 28. Nxd5+ Nxd5 29. b4 Re8 30. Rxd5 Re4 
31. R5d4 Re5 32. Re1 Rxe1+ 33. Kxe1 Kf6+ 34. Kd2 Re7 35. c5 Ke5 36. Rd3 Rc7 
37. Kc3 b6 38. Kc4 a5 39. Rd5+ Ke4 40. b5 f5 41. c6 f4 42. Rd7 Rc8 43. Re7+ 
Kf5 44. Rxg7 h5 45. Kd5 Rd8+ 46. Rd7 Rc8 47. Kd6 Ke4 48. c7 1-0

[Event "Live Chess"]
[Site "Chess.com"]
[Date "2020.05.19"]
[White "Marchal, Georges"]
[Black "Pitz, Luc"]
[Result "0-1"]
[WhiteElo "1208"]
[BlackElo "1214"]
[Round "9"]
[WhiteCountry "bel"]
[BlackCountry "bel"]

{ Cadence : 600+5 } 1. e4 c5 2. d4 cxd4 3. Nf3 d6 4. c3 d3 5. Bxd3 a6 6. O-O 
Nc6 7. c4 g6 8. Be3 Bg7 9. Qd2 Nf6 10. Re1 O-O 11. Bh6 Bg4 12. Bxg7 Kxg7 13. 
Qe3 Bxf3 14. Qxf3 Ne5 15. Qe3 Nxd3 16. Qxd3 Rc8 17. b3 Ng4 18. Nd2 Ne5 19. 
Qd4 Kg8 20. Rad1 Nc6 21. Qc3 Ne5 22. Nf3 Nxf3+ 23. Qxf3 Rc5 24. Rd5 Qc7 25. 
Red1 Rc8 26. Qg3 Qa5 27. R1d2 Rxd5 28. exd5 Qxd2 0-1

[Event "Live Chess"]
[Site "Chess.com"]
[Date "2020.05.19"]
[White "Pitz, Luc"]
[Black "Marchal, Georges"]
[Result "1-0"]
[WhiteElo "1229"]
[BlackElo "1193"]
[Round "10"]
[WhiteCountry "bel"]
[BlackCountry "bel"]

{ Cadence : 600+5 } 1. e4 Nf6 2. Nc3 e5 3. f4 Nc6 4. Nf3 d5 5. exd5 Nxd5 6. 
Nxd5 Qxd5 7. Qe2 Bg4 8. fxe5 Bxf3 9. gxf3 Qxe5 10. Qxe5+ Nxe5 11. Bg2 Bc5 12. 
d3 O-O-O 13. Bf4 Rhe8 14. O-O-O Ng6 15. Bg3 Kb8 16. Rhe1 Be3+ 17. Kb1 Bf4 18. 
Re4 Bxg3 19. hxg3 Rxe4 20. fxe4 Ne5 21. Rf1 f6 22. Kc1 c6 23. Kd2 Kc7 24. Bh3 
Kb6 25. g4 c5 26. Rf5 c4 27. g5 cxd3 28. gxf6 dxc2+ 29. Kxc2 gxf6 30. Rxf6+ 
Kc5 31. Rh6 Nf3 32. Kc3 Ng5 33. b4+ Kb5 34. Bf1+ Ka4 35. e5 Re8 36. Bd3 Rxe5 
37. Bxh7 Ka3 38. Bg8 Re3+ 39. Kd4 Re4+ 40. Kc3 b5 41. Ra6# 1-0

[Event "Live Chess"]
[Site "Chess.com"]
[Date "2020.05.20"]
[White "Pitz, Luc"]
[Black "Dans, Guy"]
[Result "1-0"]
[WhiteElo "1233"]
[BlackElo "886"]
[Round "11"]
[WhiteCountry "bel"]
[BlackCountry "bel"]

{ Cadence : 600+5 } 1. e4 e5 2. f4 exf4 3. Nf3 d6 4. Bc4 Nf6 5. Nc3 Bg4 6. 
O-O Be7 7. d4 Nc6 8. a3 O-O 9. Qd3 d5 10. exd5 Na5 11. Ba2 b6 12. Bxf4 c6 13. 
dxc6 Nxc6 14. d5 Bd6 15. Bxd6 Qxd6 16. dxc6 Qxc6 17. Qc4 Qb7 18. Ne5 Be6 19. 
Qc6 Qe7 20. Bxe6 fxe6 21. Rae1 Rac8 22. Qf3 Qc5+ 23. Qe3 Qe7 24. Re2 Rc4 25. 
Nxc4 1-0

[Event "Live Chess"]
[Site "Chess.com"]
[Date "2020.05.20"]
[White "Dans, Guy"]
[Black "Pitz, Luc"]
[Result "1-0"]
[WhiteElo "923"]
[BlackElo "1207"]
[Round "12"]
[WhiteCountry "bel"]
[BlackCountry "bel"]

{ Cadence : 600+5 } 1. e4 c5 2. Nf3 d6 3. d4 cxd4 4. Nxd4 a6 5. Be2 Nc6 6. 
Nb3 g6 7. O-O Bg7 8. c3 Nf6 9. Bd3 O-O 10. f4 Qb6+ 11. Kh1 Bg4 12. Qe1 a5 13. 
Be3 Qc7 14. N1d2 Bd7 15. Nf3 a4 16. Nbd4 Nxd4 17. Nxd4 Ng4 18. Bd2 e5 19. fxe5 
Nxe5 20. Bc2 Nc4 21. b3 Nxd2 22. Qxd2 axb3 23. Bxb3 Be5 24. Rac1 d5 25. exd5 
Bxh2 26. Nf3 Bf4 27. Qd4 Bxc1 28. Rxc1 Rae8 29. Qd2 Bg4 30. Ng5 Re2 31. Qd4 
Qg3 32. Rg1 Qh4+ 33. Nh3 Bxh3 34. Qxh4 Bf5 35. d6 Rfe8 36. Qf6 R8e4 37. Qxf7+ 
1-0

[Event "Live Chess"]
[Site "Chess.com"]
[Date "2020.05.21"]
[White "Nadin, Corinne"]
[Black "Hubert, Rene"]
[Result "1/2-1/2"]
[WhiteElo "1255"]
[BlackElo "1215"]
[Round "11"]
[WhiteCountry "bel"]
[BlackCountry "bel"]

{ Cadence : 600+5 } 1. d4 Nf6 2. c4 g6 3. Nf3 c5 4. d5 d6 5. Nc3 Bg7 6. Bd2 
O-O 7. e4 e6 8. Bd3 exd5 9. exd5 Re8+ 10. Be3 Ng4 11. Qd2 Nxe3 12. fxe3 Bg4 
13. O-O Bxf3 14. Rxf3 Nd7 15. Rh3 Ne5 16. Be2 Qg5 17. Rg3 Qe7 18. Rf1 Rf8 19. 
e4 Rae8 20. Nb5 a6 21. Na3 Nd7 22. Bd3 Ne5 23. Bc2 Nd7 24. b4 cxb4 25. Qxb4 
Bd4+ 26. Kh1 b6 27. Qd2 Bc5 28. Nb1 a5 29. a4 Qe5 30. Qh6 Qg7 31. Qh3 Ne5 32. 
Nd2 Bb4 33. Nf3 Nxc4 34. Bd3 Ne5 35. Nxe5 Rxe5 36. Rg4 Rh5 37. Qe3 Bc5 38. 
Qf4 Re5 39. Rg5 Rxg5 40. Qxg5 Qd4 41. Qg3 Qe3 42. Qxe3 Bxe3 43. Rb1 Bc5 44. 
g3 Re8 45. Kg2 Kg7 46. Kf3 f6 47. Kf4 h6 48. Bb5 Re7 49. h4 h5 50. g4 hxg4 
51. Be2 g3 52. Bf3 g2 53. Bxg2 Bd4 54. Bf3 Bc5 55. Kg4 Kh6 56. Re1 1/2-1/2

[Event "Live Chess"]
[Site "Chess.com"]
[Date "2020.05.21"]
[White "Hubert, Rene"]
[Black "Nadin, Corinne"]
[Result "1/2-1/2"]
[WhiteElo "1216"]
[BlackElo "1253"]
[Round "12"]
[WhiteCountry "bel"]
[BlackCountry "bel"]

{ Cadence : 600+5 } 1. e4 c6 2. d4 d5 3. exd5 cxd5 4. Nf3 Bg4 5. Be2 e6 6. 
h3 Bh5 7. O-O Bd6 8. c3 Nf6 9. Nbd2 O-O 10. Re1 Nc6 11. Nf1 h6 12. N3h2 Bxe2 
13. Qxe2 Re8 14. Be3 Ne7 15. Ng4 Ne4 16. f3 Ng3 17. Nxg3 Bxg3 18. Bf2 Bf4 19. 
Be3 Bg3 20. Bf2 Bf4 21. Be3 Bg3 1/2-1/2

[Event "Live Chess"]
[Site "Chess.com"]
[Date "2020.05.22"]
[White "Sauvage, Eric"]
[Black "Szigetvari, Andre"]
[Result "1-0"]
[WhiteElo "1523"]
[BlackElo "1278"]
[Round "11"]
[WhiteCountry "bel"]
[BlackCountry "bel"]

{ Cadence : 600+5 } 1. e4 c5 2. Nf3 d6 3. Bb5+ Nc6 4. c4 Qc7 5. O-O Bd7 6. 
d4 cxd4 7. Nxd4 Nf6 8. f3 g6 9. Be3 Bg7 10. Qd2 O-O 11. Bxc6 bxc6 12. Nc3 Rfd8 
13. Rfd1 a6 14. Rac1 Qa5 15. b3 Rab8 16. h3 Qc7 17. Kh1 h5 18. Nde2 Be6 19. 
Nf4 Bd7 20. Nfe2 Be6 21. Na4 Qd7 22. Nf4 Kh7 23. Nb6 Qc7 24. Nxe6 fxe6 25. 
Na4 Rf8 26. Nc3 Nd7 27. Ne2 Rf7 28. Nf4 Nf8 29. g4 e5 30. Ne2 Rxf3 31. Kg2 
Rf7 32. gxh5 gxh5 33. Ng3 Ne6 34. Nxh5 Rg8 35. Kh2 Rgf8 36. Rg1 Bh6 37. Rg2 
Bxe3 38. Qxe3 Nf4 39. Nxf4 exf4 40. Qf3 Rg8 41. Qh5# 1-0

[Event "Live Chess"]
[Site "Chess.com"]
[Date "2020.05.22"]
[White "Szigetvari, Andre"]
[Black "Sauvage, Eric"]
[Result "0-1"]
[WhiteElo "1271"]
[BlackElo "1531"]
[Round "12"]
[WhiteCountry "bel"]
[BlackCountry "bel"]

{ Cadence : 600+5 } 1. e4 c5 2. b4 cxb4 3. a3 bxa3 4. Bxa3 g6 5. Bc4 Bg7 6. 
d4 e6 7. f4 Ne7 8. Nf3 O-O 9. Bd3 Re8 10. c3 d5 11. e5 a6 12. O-O b5 13. Bxe7 
Rxe7 14. Bxb5 Rb7 15. Qe2 Rb6 16. Bd3 a5 17. c4 dxc4 18. Bxc4 Bb7 19. Nbd2 
Nc6 20. Qd3 Nb4 21. Qe3 Nc2 0-1

[Event "Live Chess"]
[Site "Chess.com"]
[Date "2020.05.23"]
[White "Marchal, Georges"]
[Black "Szigetvari, Andre"]
[Result "1-0"]
[WhiteElo "1211"]
[BlackElo "1250"]
[Round "14"]
[WhiteCountry "bel"]
[BlackCountry "bel"]

{ Cadence : 600+5 }
1. d4 d5 2. e4 dxe4 3. f3 e5 4. dxe5 Qxd1+ 5. Kxd1 Nc6 6. Nd2 exf3 7. Ngxf3 
Bg4 8. Bb5 O-O-O 9. Bxc6 bxc6 10. Ke2 Re8 11. Nc4 f6 12. Kd3 Bxf3 13. gxf3 
fxe5 14. Rg1 g6 15. Be3 Nf6 16. Bxa7 Bh6 17. Rae1 Rd8+ 18. Kc3 Nd5+ 19. Kb3 
Kb7 20. Bc5 Bf4 21. Na5+ Ka6 22. Nxc6 Ra8 23. c4 Nf6 24. Nxe5 Rhb8+ 25. Kc2 
Bxh2 26. Rh1 Bf4 27. Nd3 Bd6 28. Bxd6 cxd6 29. Re6 Ne8 30. Rxh7 Kb6 31. a3 
Ra7 32. c5+ Ka6 1-0

[Event "Live Chess"]
[Site "Chess.com"]
[Date "2020.05.23"]
[White "Szigetvari, Andre"]
[Black "Marchal, Georges"]
[Result "1-0"]
[WhiteElo "1264"]
[BlackElo "1198"]
[Round "13"]
[WhiteCountry "bel"]
[BlackCountry "bel"]

{ Cadence : 600+5 }
1. e4 e5 2. b4 Nf6 3. b5 b6 4. Nc3 d5 5. exd5 Nxd5 6. Bb2 Nxc3 7. Bxc3 Bd7 
8. a4 Bd6 9. Nf3 O-O 10. Bc4 Bg4 11. Bd5 Nd7 12. O-O Rb8 13. h3 Be6 14. Bxe6 
fxe6 15. Re1 Qf6 16. Qe2 Qg6 17. d3 Qh5 18. Nxe5 Qxe2 19. Rxe2 Nxe5 20. Bxe5 
Bxe5 21. Rxe5 Rf6 22. Rae1 Rbf8 23. f3 Kf7 24. Kf2 Re8 25. g4 Rf4 26. c4 Kf6 
27. Kg3 Rd4 28. R1e3 Rd6 29. f4 h6 30. h4 Rd4 31. f5 Rd6 32. Kf4 Re7 33. g5+ 
Kf7 34. R5e4 c6 35. fxe6+ Rdxe6 36. Rxe6 Rxe6 37. Rxe6 Kxe6 38. gxh6 gxh6 39. 
h5 c5 40. Ke4 Kd6 41. Kf5 Ke7 42. Kg6 Ke6 43. Kg7 Ke5 44. Kxh6 Kd4 45. Kg7 
Kxd3 46. h6 Kxc4 47. h7 Kb4 48. h8=Q Kxa4 49. Qa8 Kxb5 50. Qxa7 c4 51. Kf6 
c3 52. Ke5 Kc5 53. Ke4 Kc4 54. Ke3 c2 55. Kd2 Kb3 56. Qxb6+ 1-0

[Event "Live Chess"]
[Site "Chess.com"]
[Date "2020.05.23"]
[White "Hubert, Rene"]
[Black "Sauvage, Eric"]
[Result "0-1"]
[WhiteElo "1212"]
[BlackElo "1537"]
[Round "13"]
[WhiteCountry "bel"]
[BlackCountry "bel"]

{ Cadence : 600+5 }
1. e4 e5 2. Nf3 Nc6 3. Bb5 d6 4. c3 f5 5. d3 Nf6 6. O-O Be7 7. Re1 O-O 8. Qe2 
fxe4 9. dxe4 Bg4 10. Bg5 Kh8 11. Nbd2 Nd7 12. Bxe7 Qxe7 13. h3 Bh5 14. Qc4 
Nb6 15. Qb3 Na5 16. Qc2 a6 17. Bd3 Nd7 18. b4 Nc6 19. a4 Nf6 20. b5 axb5 21. 
Bxb5 Na5 22. Be2 b6 23. Nc4 Nxc4 24. Bxc4 Bxf3 25. gxf3 Nh5 26. Be2 Nf4 27. 
Bf1 Qh4 28. Kh2 Nxh3 29. Bxh3 Rxf3 0-1

[Event "Live Chess"]
[Site "Chess.com"]
[Date "2020.05.23"]
[White "Sauvage, Eric"]
[Black "Hubert, Rene"]
[Result "1-0"]
[WhiteElo "1543"]
[BlackElo "1208"]
[Round "14"]
[WhiteCountry "bel"]
[BlackCountry "bel"]

{ Cadence : 600+5 }
1. d4 Nf6 2. c4 g6 3. Nc3 c5 4. Nf3 Bg7 5. e4 Qa5 6. Bd2 d6 7. Be2 O-O 8. O-O 
cxd4 9. Nxd4 a6 10. Kh1 Qc7 11. Be3 Nc6 12. f3 e5 13. Nc2 b6 14. Qd2 Bb7 15. 
Rac1 Rfd8 16. Rfd1 Ne8 17. Na4 a5 18. Bxb6 Qc8 19. Bxd8 Qxd8 20. Ne3 Nd4 21. 
b3 Qc8 22. Nb6 Qd8 23. Nxa8 Qxa8 24. Nd5 Qa7 25. Bf1 h5 26. Rb1 Kh7 27. b4 
Bh6 28. Qb2 Bxd5 29. cxd5 Nc7 30. a4 axb4 31. Qxb4 Nc2 32. Qb6 Qxb6 33. Rxb6 
Ne3 34. Ra1 Nc2 35. Ra2 Ne3 36. Kg1 Nxf1 37. Kxf1 Ne8 38. a5 1-0